[Event "ESP-chT Rapid"]
[Site "Ubeda"]
[Date "2023.09.23"]
[Round "1.5"]
[White "Delgado Lozano, Jose Manuel"]
[Black "Gonzalez Laso, Adrian"]
[Result "1-0"]
[WhiteElo "1787"]
[BlackElo "2199"]
[PlyCount "81"]
[EventDate "2023.09.23"]
[EventType "team-swiss (rapid)"]
[EventRounds "9"]
[EventCountry "ESP"]
[SourceTitle "EXT 2024"]
[Source "ChessBase"]
[SourceDate "2023.10.10"]
[SourceVersion "1"]
[SourceVersionDate "2023.10.10"]
[SourceQuality "1"]
[WhiteTeam "Nazari Grupo Eidos"]
[BlackTeam "Solvay"]
[WhiteTeamCountry "ESP"]
[BlackTeamCountry "ESP"]

1. d4 Nf6 2. Nf3 e6 3. Bg5 Be7 4. Nbd2 d5 5. e3 Nbd7 6. c4 0-0 7. Rc1 c6 8. Bd3 dxc4 9. Bxc4 Nd5 10. Bxe7 Qxe7 11. 0-0 N5b6 12. Bd3 e5 13. Qc2 h6 14. dxe5 Nxe5 15. Nxe5 Qxe5 16. Nc4 Nxc4 17. Bxc4 Bf5 18. Qb3 Qe7 19. h3 Rad8 20. Rfd1 Bg6 21. Rxd8 Rxd8 22. Rd1 Re8 23. Qc3 Be4 24. f3 Bf5 25. e4 Be6 26. Bxe6 Qxe6 27. a4 Kh7 28. Qc5 b6 29. Qd6 Qc4 30. Qd7 Qc5+ 31. Kh1 Re7 32. Qd4 Qc2 33. Rd2 Qc1+ 34. Kh2 Re6 35. e5 Qe1 36. f4 Rg6 37. Qd3 h5 38. Re2 Qf1 39. f5 Rg5 40. f6+ Kh6 41. Qe3 1-0

[Event "Andalucia-chA"]
[Site "Algeciras"]
[Date "2018.05.19"]
[Round "5"]
[White "Delgado Lozano, Jose Manuel"]
[Black "Puertas Martin, Savins"]
[Result "1/2-1/2"]
[WhiteElo "1889"]
[BlackElo "2196"]
[PlyCount "111"]
[EventDate "2018.05.12"]
[EventType "swiss"]
[EventRounds "8"]
[EventCountry "ESP"]
[SourceTitle "EXT 2020"]
[Source "ChessBase"]
[SourceDate "2019.10.17"]
[SourceVersion "1"]
[SourceVersionDate "2019.10.17"]
[SourceQuality "1"]

1. d4 Nf6 2. Nf3 e6 3. Bg5 Be7 4. Nbd2 d5 5. c4 Nbd7 6. c5 c6 7. e3 0-0 8. Bd3 b6 9. b4 a5 10. a3 Ba6 11. Bxa6 Rxa6 12. 0-0 h6 13. Bf4 Nh7 14. h3 Re8 15. Qc2 Bf6 16. b5 cxb5 17. c6 Ndf8 18. Qd3 Ng6 19. Qxb5 Ra8 20. c7 Qc8 21. Qxb6 Nxf4 22. exf4 Nf8 23. Rfc1 Ng6 24. g3 Ne7 25. Rab1 Kf8 26. Nb3 Ra6 27. Qb5 Ra7 28. Qc5 Qa8 29. Ne5 Bxe5 30. dxe5 Rc8 31. Qb6 Ra6 32. Qb5 Rc6 33. Rxc6 Qxc6 34. Nxa5 Qxc7 35. Nb7 h5 36. Nd6 Ra8 37. Qb7 Qd8 38. Rb3 g6 39. g4 Ra4 40. Rf3 Qa8 41. Qxa8+ Rxa8 42. gxh5 gxh5 43. f5 exf5 44. Nxf5 Nxf5 45. Rxf5 Kg7 46. Rxh5 Kg6 47. Rh4 Rxa3 48. Rf4 Rxh3 49. Rd4 Kf5 50. Rxd5 Ke6 51. Ra5 Rf3 52. Kg2 Rf5 53. Kg3 Rxe5 54. Rxe5+ Kxe5 55. Kg4 Ke4 56. Kg5 1/2-1/2

[Event "Benidorm op U2000 11th"]
[Site "Benidorm"]
[Date "2012.12.08"]
[Round "10"]
[White "Delgado Lozano, Jose Manuel"]
[Black "Fernandez Garcia, Ignacio"]
[Result "1-0"]
[WhiteElo "1934"]
[BlackElo "1794"]
[PlyCount "55"]
[EventDate "2012.11.30"]
[EventType "swiss"]
[EventRounds "10"]
[EventCountry "ESP"]
[SourceTitle "EXT 2014"]
[Source "ChessBase"]
[SourceDate "2013.11.20"]
[SourceVersion "1"]
[SourceVersionDate "2013.11.20"]
[SourceQuality "1"]

1. d4 d5 2. Nf3 Nf6 3. c4 e6 4. Nc3 c6 5. Bg5 Be7 6. e3 Nbd7 7. Rc1 Qa5 8. Nd2 dxc4 9. Bxf6 Nxf6 10. Nxc4 Qg5 11. Ne5 Nd5 12. h4 Qh6 13. Ng4 Qh5 14. e4 Nxc3 15. Nf6+ Bxf6 16. Qxh5 Nxe4 17. Qf3 Nd6 18. Rxc6 Nf5 19. Rc7 0-0 20. Bd3 Nxd4 21. Qe4 g6 22. h5 Nf5 23. hxg6 hxg6 24. g4 Ng7 25. Qf3 Bd8 26. Qh3 Nh5 27. gxh5 Bxc7 28. hxg6 1-0

[Event "Malaga op 12th"]
[Site "Malaga"]
[Date "2009.07.15"]
[Round "6"]
[White "Garzon Rodriguez, Jose Manuel"]
[Black "Delgado Lozano, Jose Manuel"]
[Result "0-1"]
[WhiteElo "1905"]
[BlackElo "2010"]
[PlyCount "42"]
[EventDate "2009.07.11"]
[EventType "swiss"]
[EventRounds "9"]
[EventCountry "ESP"]
[SourceTitle "CBM 131 Extra"]
[Source "ChessBase"]
[SourceDate "2009.09.03"]
[SourceVersion "2"]
[SourceVersionDate "2009.09.16"]
[SourceQuality "1"]

1. d4 d5 2. Nf3 Nf6 3. g3 c6 4. Bg2 Bf5 5. Nbd2 e6 6. 0-0 Nbd7 7. b3 c5 8. e3 b5 9. c4 bxc4 10. bxc4 Rb8 11. cxd5 Bd3 12. dxe6 fxe6 13. Re1 Nd5 14. Ne5 Nxe5 15. dxe5 Nb4 16. Qb3 Kf7 17. Ne4 Nc2 18. Nd6+ Bxd6 19. Qxd3 Nxa1 20. Qxd6 Qxd6 21. exd6 Nc2 0-1

[Event "Seville op 34th"]
[Site "Seville"]
[Date "2009.01.26"]
[Round "4"]
[White "Madeira, Wagner Martins"]
[Black "Delgado Lozano, Jose Manuel"]
[Result "1-0"]
[WhiteElo "2212"]
[BlackElo "1937"]
[PlyCount "65"]
[EventDate "2009.01.23"]
[EventType "swiss"]
[EventRounds "9"]
[EventCountry "ESP"]
[SourceTitle "CBM 128 Extra"]
[Source "ChessBase"]
[SourceDate "2009.03.05"]
[SourceVersion "2"]
[SourceVersionDate "2009.03.25"]
[SourceQuality "1"]

1. e4 c6 2. c4 d5 3. exd5 cxd5 4. cxd5 Qxd5 5. d4 Nc6 6. Nf3 e6 7. Nc3 Bb4 8. Be2 Nf6 9. 0-0 Bxc3 10. bxc3 0-0 11. c4 Qd6 12. Bb2 Rd8 13. Qc1 Bd7 14. Rd1 Rac8 15. Qg5 Qb4 16. Rab1 Qa5 17. d5 h6 18. Qg3 Nh5 19. Qh4 exd5 20. cxd5 Bf5 21. Ra1 Qb4 22. dxc6 Rxd1+ 23. Rxd1 Qxb2 24. cxb7 Rb8 25. Rd8+ Kh7 26. Rxb8 Qxe2 27. Rh8+ Kg6 28. h3 Qd1+ 29. Kh2 Qd6+ 30. Qg3+ Nxg3 31. fxg3 Be4 32. b8Q Qd1 33. Qf4 1-0